Historique & catalogue de tous les instruments d'optique supérieure appliqués aux sciences et a l'industrie. (Record no. 169499)

MARC details
000 -LEADER
campo de control de longitud fija 00516nam a22001575i 4500
001 - NÚMERO DE CONTROL
campo de control 169499
003 - IDENTIFICADOR DE NÚMERO DE CONTROL
campo de control ES-MaACL
005 - FECHA Y HORA DE LA ÚLTIMA TRANSACCIÓN
campo de control 20230906214118.0
008 - DATOS DE LONGITUD FIJA--INFORMACIÓN GENERAL
campo de control de longitud fija 080925s1885 fr |||| | fre d
080 ## - NÚMERO DE LA CLASIFICACIÓN DECIMAL UNIVERSAL
Número de la Clasificación Decimal Universal 681.7
245 00 - MENCIÓN DEL TÍTULO
Título Historique & catalogue de tous les instruments d'optique supérieure appliqués aux sciences et a l'industrie.
260 ## - PUBLICACIÓN, DISTRIBUCIÓN, ETC.
Lugar de publicación, distribución, etc. Paris :
Nombre del editor, distribuidor, etc. Jules Duboscq,
Fecha de publicación, distribución, etc. 1885.
300 ## - DESCRIPCIÓN FÍSICA
Extensión 114 p. :
Otras características físicas il. ;
Dimensiones 24 cm.
650 ## - PUNTO DE ACCESO ADICIONAL DE MATERIA--TÉRMINO DE MATERIA
Término de materia o nombre geográfico como elemento de entrada Óptica-
Subdivisión general Aparatos e instrumentos.
9 (RLIN) 151723
852 ## - LOCALIZACIÓN
Ubicación ES-MaACL
Número de control de estantería T-1103-F-17
Holdings
Estatus retirado Estado de pérdida Estado de daño No para préstamo Colección Biblioteca de origen Biblioteca actual Ubicación en estantería Fecha de adquisición Fuente de adquisición Total de préstamos Signatura topográfica completa Código de barras Visto por última vez Precio de reemplazo Tipo de ítem Koha
        Colección de folletos Biblioteca del Ateneo de Madrid Biblioteca del Ateneo de Madrid Depósito folletos 08/10/2008     T-1103-F-17 1177961 23/02/2023 23/02/2023 Folleto